Teaching English Poetry in Indian Classroom/ (Record no. 190487)

MARC details
000 -LEADER
fixed length control field 00585nam a22001817a 4500
005 - DATE AND TIME OF LATEST TRANSACTION
control field 20220726154431.0
010 ## - LCCN (DPL NO)
LC control number ENG-133986
020 ## - INTERNATIONAL STANDARD BOOK NUMBER
International Standard Book Number 9788180482397
Terms of availability 250.00
035 ## - SYSTEM CONTROL NUMBER
System control number EN-117518
037 ## - SOURCE OF ACQUISITION
Source of stock number/acquisition DBAD/PUB
082 ## - DEWEY DECIMAL CLASSIFICATION NUMBER
Classification number 881.08
100 ## - MAIN ENTRY--PERSONAL NAME
Personal name Kaur, Kulbir
245 ## - TITLE STATEMENT
Title Teaching English Poetry in Indian Classroom/
Statement of responsibility, etc Kulbir Kaur
260 ## - PUBLICATION, DISTRIBUTION, ETC. (IMPRINT)
Place of publication, distribution, etc Chandigarh
Name of publisher, distributor, etc Arun Publishing House Pvt. Ltd.
Date of publication, distribution, etc 2013
270 ## - ADDRESS
City Chandigarh
Address SCO 49-51, Sector 17 C,
Postal code 160017
Telephone number (0172)-2702189
Electronic mail address arunpublishing@gmail.com
300 ## - PHYSICAL DESCRIPTION
Extent 96p.
Dimensions 22cm(hb)
942 ## - ADDED ENTRY ELEMENTS (KOHA)
Source of classification or shelving scheme Dewey Decimal Classification
Item type English Books
Classification part 881.08
Call number suffix KAU
Holdings
Withdrawn status Lost status Not for loan Collection code Home library Current library Date acquired Source of acquisition Cost, normal purchase price Full call number Barcode Copy number Cost, replacement price Koha item type
      Non-fiction Bawana Bawana 26/07/2022 DBAD/PUB 250.00 881.08 KAU EN-117518 1 250.00 English Books

© Delhi Public Library
Hit Counter
free hit counter